| 000 | 00502nam a22001697a 4500 | ||
|---|---|---|---|
| 003 | 0 | ||
| 005 | 20220817102151.0 | ||
| 008 | 220817b xxu||||| |||| 00| 0 eng d | ||
| 020 | _a978-1-5297-6145-0 | ||
| 050 |
_aR727 _b.F56 2022 |
||
| 245 |
_aThe therapeutic use of self in counselling and psychotherapy _cLinda Finlay |
||
| 260 |
_aLos Angeles _bSage _c2022 |
||
| 300 |
_axiv,191p. _c24cm _eIncludes references and index. _fBook |
||
| 500 | _aCounseling | ||
| 500 | _aPsychotherapy. | ||
| 942 |
_2lcc _cBK |
||
| 999 |
_c364794 _d364794 |
||